000 01157nam a22002417a 4500
001 76923
003 BD-RjUL
005 20211209082915.0
008 200206s2019 bg ||||| |||| 00| 0 ben d
020 _a9789849395263
035 _a(BD-RjUL)77147
040 _aBD-RjUL
_beng
_cBD-RjUL
041 _aeng
082 _223
_a954.14
100 _aচক্রবর্ত্তী, শ্রীরজনীকান্ত
_9238915
245 _aগৌড়ের ইতিহাস :
_bহিন্দুরাজত্ব ও মুসলমান-রাজত্ব (অখণ্ড) /
_cশ্রীরজনীকান্ত চক্রবর্ত্তী ; সংগ্রহ, সংকলন ও সম্পাদনা মাহবুব সিদ্দিকী
260 _aঢাকা :
_bদিব্য প্রকাশ,
_c২০১৯
300 _a৫০২ পৃ. ;
_c২২ সেমি.
504 _aবিবলিওগ্রাফি ও ইনডেক্স সম্বলিত।
651 _aBengal (India)
_xHistory
_9238916
700 _aসিদ্দিকী, মাহবুব
_9238925
942 _2ddc
_cBK
999 _c76923
_d76923